[Event "Asia zt 3.1"]
[Site "Amman"]
[Date "2019.06.24"]
[Round "7"]
[White "Salih, Akar Ali Salih"]
[Black "Ghaem Maghami, Ehsan"]
[Result "0-1"]
[WhiteElo "2251"]
[BlackElo "2531"]
[PlyCount "80"]
[EventDate "2019.06.19"]
[EventType "swiss"]
[EventRounds "9"]
[EventCountry "JOR"]
[SourceTitle "CBM 191 Extra"]
[Source "ChessBase"]
[SourceDate "2019.09.30"]
[SourceVersion "1"]
[SourceVersionDate "2019.09.30"]
[SourceQuality "1"]

1. e4 c5 2. Nf3 d6 3. d4 cxd4 4. Nxd4 Nf6 5. Nc3 a6 6. Be3 e5 7. Nb3 Be7 8. f3 Be6 9. Qd2 0-0 10. 0-0-0 a5 11. Bb5 Na6 12. Kb1 Nc7 13. Bb6 Qc8 14. Bxc7 Qxc7 15. a4 Rfd8 16. Nd5 Nxd5 17. exd5 Bd7 18. Qe2 Rdc8 19. c3 Bxb5 20. Qxb5 Ra6 21. Kc2 Rb6 22. Qd3 Rb4 23. Ra1 b5 24. axb5 a4 25. Nd2 Qb7 26. Rhb1 Rd4 27. Qe2 Rxd5 28. Rxa4 Rxb5 29. Ra7 Rxb2+ 30. Rxb2 Qxa7 31. Qb5 Kf8 32. Qb7 Qxb7 33. Rxb7 f5 34. Kd3 d5 35. Rd7 e4+ 36. fxe4 dxe4+ 37. Nxe4 fxe4+ 38. Kxe4 Rxc3 39. Rd2 Kf7 40. Rf2+ Ke6 0-1

[Event "Ghaem Cup 1st"]
[Site "Qaem Shahr"]
[Date "2019.04.21"]
[Round "2"]
[White "Ghaem Maghami, Ehsan"]
[Black "Salih, Akar Ali Salih"]
[Result "1-0"]
[WhiteElo "2531"]
[BlackElo "2239"]
[PlyCount "75"]
[EventDate "2019.04.20"]
[EventType "swiss"]
[EventRounds "9"]
[EventCountry "IRI"]
[SourceTitle "CBM 190 Extra"]
[Source "ChessBase"]
[SourceDate "2019.07.15"]
[SourceVersion "1"]
[SourceVersionDate "2019.07.15"]
[SourceQuality "1"]

1. d4 Nf6 2. c4 g6 3. g3 Bg7 4. Bg2 0-0 5. Nc3 d6 6. Nf3 Nc6 7. 0-0 Bf5 8. h3 Ne4 9. Nd5 Nf6 10. Bg5 h6 11. Nxf6+ exf6 12. Bd2 Be4 13. Bc3 f5 14. e3 a5 15. b3 Rb8 16. Qd2 b5 17. a3 bxc4 18. bxc4 a4 19. Rfc1 Rb3 20. Qd1 Qa8 21. Qf1 Ne7 22. Nd2 Bxg2 23. Qxg2 Qxg2+ 24. Kxg2 Rb7 25. Rcb1 Ra7 26. Rb5 Rc8 27. Rc1 c5 28. d5 Bxc3 29. Rxc3 Rcc7 30. Rc2 g5 31. Rcb2 Kg7 32. Rb8 Rd7 33. f4 gxf4 34. gxf4 Ng6 35. R2b6 Re7 36. Kf2 Rad7 37. Nf1 Re4 38. Ng3 1-0

[Event "SWE-chT 1819 Superettan"]
[Site "Sweden"]
[Date "2018.11.11"]
[Round "3"]
[White "Salih, Akar Ali Salih"]
[Black "Andersson, Goran L"]
[Result "1/2-1/2"]
[WhiteElo "2242"]
[BlackElo "2249"]
[PlyCount "106"]
[EventDate "2018.11.09"]
[EventType "team-tourn"]
[EventRounds "9"]
[EventCountry "SWE"]
[SourceTitle "EXT 2020"]
[Source "ChessBase"]
[SourceDate "2019.10.17"]
[SourceVersion "1"]
[SourceVersionDate "2019.10.17"]
[SourceQuality "1"]
[WhiteTeam "Upsala"]
[BlackTeam "Kristallen"]
[WhiteTeamCountry "SWE"]
[BlackTeamCountry "SWE"]

1. e4 c5 2. Nf3 d6 3. d4 cxd4 4. Nxd4 Nf6 5. Nc3 g6 6. Be3 Bg7 7. f3 Nc6 8. Qd2 0-0 9. Bc4 Bd7 10. 0-0-0 Rc8 11. Bb3 Ne5 12. h4 h5 13. g4 hxg4 14. h5 Nxh5 15. Rdg1 g3 16. Bh6 e6 17. Rxh5 gxh5 18. Rxg3 Ng6 19. Nf5 Bxh6 20. Qxh6 Qf6 21. Nd5 exd5 22. Bxd5 Bxf5 23. exf5 Rxc2+ 24. Kxc2 Qxf5+ 25. Be4 Rc8+ 26. Kd1 Qb5 27. Rxg6+ fxg6 28. Qxg6+ Kf8 29. Qf6+ Ke8 30. Bg6+ Kd7 31. Bf5+ Kc7 32. Qe7+ Kb6 33. Bxc8 Qd3+ 34. Ke1 Qb1+ 35. Kf2 Qc2+ 36. Kg3 Qxc8 37. Qxd6+ Ka5 38. Qd5+ b5 39. Qd2+ Kb6 40. Qd6+ Ka5 41. Qa3+ Kb6 42. Qd6+ Ka5 43. b4+ Ka4 44. Qc5 Qb8+ 45. f4 Qg8+ 46. Kf3 Qg4+ 47. Ke4 h4 48. Qxa7+ Kxb4 49. Qd4+ Ka3 50. Qc3+ Kxa2 51. Qa5+ Kb2 52. Qxb5+ Kc3 53. Qc5+ Kb3 1/2-1/2

[Event "IRQ-chT 30th"]
[Site "Baghdad"]
[Date "2018.03.22"]
[Round "9"]
[White "Chiya, Mder Hamad"]
[Black "Salih, Akar Ali Salih"]
[Result "1/2-1/2"]
[WhiteElo "2068"]
[BlackElo "2242"]
[PlyCount "40"]
[EventDate "2018.03.08"]
[EventType "team-swiss"]
[EventRounds "13"]
[EventCountry "IRQ"]
[SourceTitle "CBM 183 Extra"]
[Source "ChessBase"]
[SourceDate "2018.04.19"]
[SourceVersion "1"]
[SourceVersionDate "2018.04.19"]
[SourceQuality "1"]

1. d4 Nf6 2. Nf3 e6 3. c4 b6 4. g3 Bb7 5. Bg2 Bb4+ 6. Bd2 Be7 7. Nc3 0-0 8. 0-0 c6 9. Re1 d5 10. b3 dxc4 11. bxc4 c5 12. e3 Nc6 13. Ne5 Rc8 14. Qa4 Nxe5 15. dxe5 Bxg2 16. exf6 Bxf6 17. Kxg2 Qxd2 18. Ne4 Qb4 19. Nxf6+ gxf6 20. Qxa7 Qxc4 1/2-1/2

[Event "Baghdad op 6th"]
[Site "Baghdad"]
[Date "2018.03.16"]
[Round "4"]
[White "Salih, Akar Ali Salih"]
[Black "Rawand, Hamid Abdullah"]
[Result "1/2-1/2"]
[WhiteElo "2242"]
[BlackElo "2089"]
[PlyCount "114"]
[EventDate "2018.03.14"]
[EventType "swiss"]
[EventRounds "9"]
[EventCountry "IRQ"]
[SourceTitle "CBM 183 Extra"]
[Source "ChessBase"]
[SourceDate "2018.04.19"]
[SourceVersion "1"]
[SourceVersionDate "2018.04.19"]
[SourceQuality "1"]

1. e4 e6 2. d4 d5 3. Nd2 Nf6 4. e5 Nfd7 5. Ngf3 c5 6. c3 Nc6 7. Bd3 cxd4 8. cxd4 f6 9. exf6 Nxf6 10. 0-0 Bd6 11. Nb3 0-0 12. Bg5 Qc7 13. Rc1 Qf7 14. Qe2 Nh5 15. Ne5 Bxe5 16. dxe5 h6 17. Bd2 Nf4 18. Bxf4 Qxf4 19. Rfe1 Nb4 20. Bb1 b6 21. g3 Qf7 22. a3 Na6 23. Qc2 g5 24. Qg6+ Qxg6 25. Bxg6 Bd7 26. Bd3 Ba4 27. Bxa6 Bxb3 28. Re3 Ba4 29. b3 Be8 30. Rc7 Bg6 31. Rec3 Rf7 32. Rxf7 Kxf7 33. Rc7+ Kg8 34. Bc8 Bf5 35. f3 h5 36. h3 g4 37. hxg4 hxg4 38. Kf2 d4 39. fxg4 Bxg4 40. Rc4 Kf7 41. Bd7 Ke7 42. Rxd4 Rf8+ 43. Ke1 Rf3 44. Bb5 Re3+ 45. Kf2 Rxe5 46. Bd3 Bf5 47. Bxf5 exf5 48. Kf3 Ke6 49. Kf4 Re1 50. Rd3 Re4+ 51. Kf3 Re1 52. Rd8 Rf1+ 53. Ke2 Rb1 54. Rd3 Ke5 55. Re3+ Kd4 56. Rd3+ Ke4 57. Re3+ Kd4 1/2-1/2

[Event "Baghdad op 6th"]
[Site "Baghdad"]
[Date "2018.03.15"]
[Round "3"]
[White "Tarlev, Konstantin"]
[Black "Salih, Akar Ali Salih"]
[Result "1-0"]
[WhiteElo "2546"]
[BlackElo "2242"]
[PlyCount "95"]
[EventDate "2018.03.14"]
[EventType "swiss"]
[EventRounds "9"]
[EventCountry "IRQ"]
[SourceTitle "CBM 183 Extra"]
[Source "ChessBase"]
[SourceDate "2018.04.19"]
[SourceVersion "1"]
[SourceVersionDate "2018.04.19"]
[SourceQuality "1"]

1. e4 e5 2. Nf3 Nc6 3. Bb5 Nf6 4. 0-0 Nxe4 5. d4 Nd6 6. Bxc6 dxc6 7. dxe5 Nf5 8. Qxd8+ Kxd8 9. Nc3 Bd7 10. b3 Kc8 11. Bb2 h6 12. Rad1 b6 13. h3 Be6 14. g4 Ne7 15. Nd4 c5 16. Nxe6 fxe6 17. f4 g6 18. Ne4 Bg7 19. Kg2 a5 20. a4 Nd5 21. Rf3 Rd8 22. Kg3 Nb4 23. Rxd8+ Kxd8 24. c3 Nc6 25. Rd3+ Ke7 26. Bc1 Rd8 27. Rxd8 Nxd8 28. Kf3 Nc6 29. Ng3 Ke8 30. Ke4 Kf7 31. Be3 Bh8 32. h4 g5 33. h5 gxf4 34. Bxf4 Bg7 35. Nf1 Ne7 36. Nh2 Nd5 37. Bd2 b5 38. axb5 c4 39. bxc4 Nb6 40. Kd3 a4 41. Bc1 Bxe5 42. Nf3 Bd6 43. Bxh6 a3 44. Kc2 Nxc4 45. Kb3 e5 46. Bc1 Na5+ 47. Ka2 Nc4 48. Ng5+ 1-0

[Event "IRQ Clubs-chT"]
[Site "Baghdad"]
[Date "2017.08.16"]
[Round "5.1"]
[White "Salih, Akar Ali Salih"]
[Black "Moazaz, Dhahir Habeeb"]
[Result "1/2-1/2"]
[WhiteElo "2293"]
[BlackElo "2073"]
[PlyCount "60"]
[EventDate "2017.08.16"]
[EventType "team-swiss"]
[EventRounds "7"]
[EventCountry "IRQ"]
[SourceTitle "CBM 180 Extra"]
[Source "ChessBase"]
[SourceDate "2017.10.06"]
[SourceVersion "1"]
[SourceVersionDate "2017.10.06"]
[SourceQuality "1"]
[WhiteTeam "Etisalat"]
[BlackTeam "Al Qadissiya"]
[WhiteTeamCountry "IRQ"]
[BlackTeamCountry "IRQ"]

1. d4 d5 2. c4 c6 3. Nc3 Nf6 4. cxd5 cxd5 5. Nf3 Nc6 6. Bf4 Bf5 7. e3 e6 8. Bd3 Bxd3 9. Qxd3 Bd6 10. Bxd6 Qxd6 11. 0-0 0-0 12. Rac1 Rac8 13. a3 a6 14. Rc2 Rc7 15. Rfc1 Rfc8 16. Ne2 Ne7 17. Rxc7 Rxc7 18. Rxc7 Qxc7 19. Qc3 Qxc3 20. Nxc3 Nc6 21. Nd2 Nd7 22. Kf1 Kf8 23. Ke2 Ke7 24. Kd3 Kd6 25. Ke2 Ke7 26. Kd3 Kd6 27. Ke2 Ke7 28. Kd3 Kd6 29. Ke2 Ke7 30. Kd3 Kd6 1/2-1/2

[Event "IRQ-ch"]
[Site "Baghdad"]
[Date "2017.08.13"]
[Round "6"]
[White "Moazaz, Dhahir Habeeb"]
[Black "Salih, Akar Ali Salih"]
[Result "1/2-1/2"]
[WhiteElo "2073"]
[BlackElo "2293"]
[PlyCount "25"]
[EventDate "2017.08.10"]
[EventType "swiss"]
[EventRounds "11"]
[EventCountry "IRQ"]
[SourceTitle "CBM 180 Extra"]
[Source "ChessBase"]
[SourceDate "2017.10.06"]
[SourceVersion "1"]
[SourceVersionDate "2017.10.06"]
[SourceQuality "1"]

1. c4 e5 2. Nc3 Nf6 3. g3 g6 4. Bg2 Bg7 5. e3 d6 6. Nge2 a5 7. 0-0 h5 8. d4 Nbd7 9. f4 c6 10. b3 Qe7 11. fxe5 dxe5 12. d5 Ra6 13. a4 1/2-1/2

[Event "IRQ-ch"]
[Site "Baghdad"]
[Date "2017.08.11"]
[Round "3"]
[White "Salih, Akar Ali Salih"]
[Black "Zozik, Salah Mohammed"]
[Result "1/2-1/2"]
[WhiteElo "2293"]
[BlackElo "2261"]
[PlyCount "125"]
[EventDate "2017.08.10"]
[EventType "swiss"]
[EventRounds "11"]
[EventCountry "IRQ"]
[SourceTitle "CBM 180 Extra"]
[Source "ChessBase"]
[SourceDate "2017.10.06"]
[SourceVersion "1"]
[SourceVersionDate "2017.10.06"]
[SourceQuality "1"]

1. e4 e6 2. d3 d5 3. Nd2 c5 4. Ngf3 Nc6 5. g3 Nf6 6. Bg2 Be7 7. 0-0 0-0 8. Re1 Qc7 9. e5 Nd7 10. Qe2 b5 11. Nf1 a5 12. h4 Ba6 13. N1h2 Rfc8 14. h5 h6 15. c3 Qd8 16. Ng4 Nb6 17. Bf4 b4 18. Qd2 bxc3 19. bxc3 Rab8 20. Bf1 a4 21. Bxh6 gxh6 22. Nxh6+ Kg7 23. Qf4 Qf8 24. g4 Nd8 25. g5 Qh8 26. Nh2 Qh7 27. N6g4 Qxh5 28. Nf6 Bxf6 29. exf6+ Kg8 30. Re3 e5 31. Rxe5 Ne6 32. Qg3 Re8 33. Be2 Qg6 34. Nf3 Nf8 35. Nh4 Qh7 36. g6 fxg6 37. Re7 Rxe7 38. fxe7 Qxe7 39. Qxb8 Qxe2 40. Qxb6 Qg4+ 41. Ng2 Bxd3 42. Qd6 Be4 43. Qg3 Qe2 44. Re1 Qxa2 45. f3 Bd3 46. Qf4 d4 47. Re7 Bf5 48. Qe5 Ne6 49. Qf6 Qb1+ 50. Kh2 Qb8+ 51. f4 Qf8 52. Rxe6 Qxf6 53. Rxf6 dxc3 54. Ne3 c2 55. Nxc2 Bxc2 56. Rc6 a3 57. Rxc5 a2 58. Ra5 Bb1 59. Ra7 Kf8 60. Kg3 Ke8 61. Kg4 Kd8 62. Kg5 Kc8 63. Rxa2 1/2-1/2

[Event "Baghdad op 5th"]
[Site "Baghdad"]
[Date "2017.03.18"]
[Round "5"]
[White "Salih, Akar Ali Salih"]
[Black "Gharagyozyan, Artur"]
[Result "0-1"]
[WhiteElo "2278"]
[BlackElo "2179"]
[PlyCount "58"]
[EventDate "2017.03.16"]
[EventType "swiss"]
[EventRounds "9"]
[EventCountry "IRQ"]
[SourceTitle "CBM 177 Extra"]
[Source "ChessBase"]
[SourceDate "2017.04.27"]
[SourceVersion "1"]
[SourceVersionDate "2017.04.27"]
[SourceQuality "1"]

1. e4 c5 2. Nf3 e6 3. d4 cxd4 4. Nxd4 a6 5. Nc3 d6 6. Be3 b5 7. Bd3 Bb7 8. 0-0 Nf6 9. a3 Nbd7 10. f4 Rc8 11. Kh1 Be7 12. Qf3 0-0 13. Rae1 Rxc3 14. bxc3 Nc5 15. Bd2 Qa8 16. Qh3 Ncxe4 17. Bc1 Rc8 18. Nf3 h6 19. Be3 Rxc3 20. Bd4 Rxa3 21. Ng5 hxg5 22. Bxf6 g4 23. Qxg4 Nxf6 24. Qh3 b4 25. Re3 a5 26. Rfe1 a4 27. Qh4 Bxg2+ 28. Kg1 Bd8 29. Qf2 Bb6 0-1